00799nam a22002057a 4500999001700000003000400017005001700021008004100038020001800079040001500097100002300112245009500135260005200230300001000282650002300292650004700315651004400362942003100406952015600437 c16457d16457OSt20170830114117.0170830b xxu||||| |||| 00| 0 eng d a9789991686592 aKABUcKABU aTotemeyer, Gerhard aNamibia todaybchallenges and obstacles to reconciliation and stabilitycGerhard Totemeyer aWindhoekbNamibia Institute for Democracyc2014 a144p. aDemocracyzNamibia aReconciliationxPolitical aspectszNamibia aNamibiaxPolitics and governmenty1990- 2lcccBKhDT1649i.T68 2014 00102lcc70aKABUbKABUd2017-08-30eDonated by Library of Congress, Nairobil0oDT1649.T68 2014 c.1p027436r2017-08-30 00:00:00tc.1w2017-08-30yBK